I like to write

Bibliographic Details
Main Author: Murray, W
Other Authors: Aitchison, Martin (illustrated)
Format: Book
Published: Loughborough : Ladybirds Books Ltd , 19--
Series:Key words with Peter and Jane
Subjects:

MARC

LEADER 00000cam a2200000 7i4500
001 0000007376
005 20140710.0
020 |a 0721404790 
020 |a 9781409301172 
090 0 0 |a JF   |b MUR 
100 1 |a Murray, W 
245 1 0 |a I like to write   |c W. Murray ; illustrated by Martin Aitchison 
260 |a Loughborough :   |b Ladybirds Books Ltd ,   |c 19-- 
300 |a 51p. :   |b ill. ;   |c 18cm. 
490 0 |a Key words with Peter and Jane 
500 |a Play & Learn Library 
650 0 0 |a Children's stories 
700 1 |a Aitchison, Martin ,   |e illustrated 
999 |a 00156778   |b BUKU   |c PINJAMAN   |e PERPUSTAKAAN KOMUNITI CAW BANDAR UTAMA 
999 |a 00156779   |b BUKU   |c PINJAMAN   |e PERPUSTAKAAN KOMUNITI PETALING JAYA 
999 |a 00156780   |b BUKU   |c PINJAMAN   |e PERPUSTAKAAN KOMUNITI PETALING JAYA 
999 |a 00237884   |b BUKU   |c PINJAMAN   |e PERPUSTAKAAN KOMUNITI PETALING JAYA 
999 |a 00237885   |b BUKU   |c PINJAMAN   |e PERPUSTAKAAN KOMUNITI PETALING JAYA 
999 |a 00237886   |b BUKU   |c PINJAMAN   |e PERPUSTAKAAN KOMUNITI CAW KOTA DAMANSARA 
999 |a 00237887   |b BUKU   |c PINJAMAN   |e PERPUSTAKAAN KOMUNITI CAW BANDAR UTAMA 
999 |a 00272657   |b BUKU   |c PINJAMAN   |e PERPUSTAKAAN KOMUNITI CAW TAMAN MEDAN 
999 |a 00298489   |b BUKU   |c JUNIOR REFERENCE   |e PERPUSTAKAAN KOMUNITI PETALING JAYA 
999 |a 00298490   |b BUKU   |c JUNIOR REFERENCE   |e PERPUSTAKAAN KOMUNITI PETALING JAYA 
999 |a 00298491   |b BUKU   |c JUNIOR REFERENCE   |e PERPUSTAKAAN KOMUNITI PETALING JAYA 
999 |a 00298492   |b BUKU   |c JUNIOR REFERENCE   |e PERPUSTAKAAN KOMUNITI PETALING JAYA 
999 |a 00309740   |b BUKU   |c PINJAMAN   |e PERPUSTAKAAN KOMUNITI CAW KOTA DAMANSARA 
999 |a 00317745   |b BUKU   |c PINJAMAN   |e PERPUSTAKAAN KOMUNITI PETALING JAYA 
999 |a 00332170   |b BUKU   |c PINJAMAN   |e PERPUSTAKAAN KOMUNITI PETALING JAYA 
999 |a 00332171   |b BUKU   |c PINJAMAN   |e PERPUSTAKAAN KOMUNITI CAW KOTA DAMANSARA 
999 |a 00332172   |b BUKU   |c PINJAMAN   |e PERPUSTAKAAN KOMUNITI CAW BANDAR UTAMA 
999 |a 052642   |b BUKU   |c PINJAMAN   |e PERPUSTAKAAN KOMUNITI PETALING JAYA 
999 |a 052644   |b BUKU   |c PINJAMAN   |e PERPUSTAKAAN KOMUNITI PETALING JAYA 
999 |a 054899   |b BUKU   |c PINJAMAN   |e MOBILE LIBRARY PKPJ 
999 |a 054900   |b BUKU   |c PINJAMAN   |e PERPUSTAKAAN KOMUNITI CAW KOTA DAMANSARA 
999 |a 117863   |b BUKU   |c PINJAMAN   |e PERPUSTAKAAN KOMUNITI CAW BANDAR UTAMA 
999 |a 117864   |b BUKU   |c PINJAMAN   |e PERPUSTAKAAN KOMUNITI CAW BANDAR UTAMA 
999 |a 117865   |b BUKU   |c PINJAMAN   |e PERPUSTAKAAN KOMUNITI CAW KOTA DAMANSARA 
999 |a 117866   |b BUKU   |c PINJAMAN   |e PERPUSTAKAAN KOMUNITI CAW KOTA DAMANSARA 
999 |a 117867   |b BUKU   |c PINJAMAN   |e PERPUSTAKAAN KOMUNITI CAW BANDAR UTAMA